8. medzinárodný kongres kardiovaskulárnej farmakoterapie

Bibliographic Details
Main Author: Dukát, Andrej, 1950- (Author)
Format: Article
Language:Slovak
ISSN:1210-0048
Subjects:

MARC

LEADER 00000nab a2200000 a 4500
001 vtls000699007
003 SK-MaSNL
005 20260304101511.0
008 250426c1999 xo 0 slo
015 |a SNBRB1999/09-19227 
035 |a CLN000051174 
035 |a urn:nbn:sk:snk-ab33pq 
035 |a (urnnbn)urn:nbn:sk:snk:ar-a05t3s 
035 |a (uuid)88ea2a9f-c1a9-4598-8fe6-da35015fdfda 
040 |a SNKBUCL  |b slo  |c SNKBUCL  |e AACR2 
041 0 |a slo 
044 |a xo  |c SK 
080 |a 616.1:061.3  |2 1997 
080 |a 616.12  |2 1997 
080 |a 615.22  |2 1997 
100 1 |a Dukát, Andrej,  |d 1950-  |4 aut  |9 194267 
245 1 0 |a 8. medzinárodný kongres kardiovaskulárnej farmakoterapie  |c Andrej Dukát 
611 1 7 |a Medzinárodný kongres kardiovaskulárnej farmakoterapie  |n 8.  |d 1999  |c Amsterdam, Holandsko  |2 snkbucl  |9 1397002 
650 0 7 |a choroby kardiovaskulárne  |x farmakoterapia  |x kongresy  |x 1999  |2 snkbucl  |9 1250849 
650 0 7 |a farmakoterapia  |x choroby kardiovaskulárne  |x kongresy  |x 1999  |2 snkbucl  |9 1250850 
655 7 |a články z novín a časopisov  |2 snkbucl  |9 267496 
773 0 |t Kardiológia  |g Roč. 8, č. 4 (1999)  |g S. K/C 1-K/C 2  |x 1210-0048  |x 1210-0048 
773 0 |t [Príl.] Informácie SKS, SHS a PSNK  |g Roč. 8, č. 4 (1999)  |g S. K/C 1-K/C 2  |x 1210-0048  |x 1210-0048 
850 |a Slovenská národná knižnica 
852 |a Slovenská národná knižnica 
958 |a article27 
958 |a OND 
958 |a MI 
999 |c 2842012  |d 2843942